| 000 | 01333nam a2200397 c 4500 | ||
|---|---|---|---|
| 003 | BLK | ||
| 005 | 20180420225521.0 | ||
| 008 | 180408b bul|||||r ||||||| ||bul|| | ||
| 010 | _aKNG00098519000 | ||
| 020 |
_a2-940031-33-9 _bиздат.: Suzanne Hurter |
||
| 040 | _aBLK | ||
| 041 |
_aENG _cENG |
||
| 072 | 7 |
_2bullib _aН00 _xОбщ отдел Н |
|
| 080 |
_aМеждународни научни организации _b001:061 _x:539(4)(091) _z001:061:539(4)(091) |
||
| 139 |
_aInfinitely CERN _bI 60 |
||
| 245 | 1 | 0 |
_aInfinitely CERN _bMemories of fifty years of research |
| 257 | _aSWI | ||
| 260 |
_аGeneva _bSuzanne Hurter _c2004 |
||
| 300 |
_a224 p. _bill. _c26X25 cm |
||
| 380 | _a5 | ||
| 500 | _aGlossary. | ||
| 650 | 4 |
_aЯдрена физика _9256953 |
|
| 650 | 4 |
_aНаучноизследователска работа - Европа _9284447 |
|
| 651 | 4 |
_aЕвропа _9244407 |
|
| 653 | _aЕвропейска организация за ядрени изследвания | ||
| 653 | _aЦЕРН | ||
| 653 | _aядрена физика | ||
| 653 | _aнаучни изследвания | ||
| 653 | _aистория | ||
| 659 | _aН | ||
| 852 | _aЦб ІІ 12903 | ||
| 856 | 4 |
_qpdf _u |
|
| 856 | 4 |
_qpdf _u |
|
| 942 |
_cKNG _n0 |
||
| 944 |
_aCR _c07.12.2010 _lф / _kЛюдмила_Стоянова |
||
| 944 |
_aED _c13.01.2011 _lф / _k |
||
| 999 |
_c93710 _d93710 |
||